Les vents régionaux de France - Carte Quiz - Statistiques

Statistiques générales
  • Ce quiz a été pris 216 fois
  • Le résultat moyen est 4 sur 12
Réponses sur la Carte
Les réponses sont colorées sur une échelle allant du rouge au vert en fonction du pourcentage des utilisateurs qui les ont devinées à leur premier essai. Vous pouvez retrouver ces pourcentages ci-dessous.
 
Statistiques - réponses
Réponse % Correct
Mistral
79%
Tramontane
57%
Bise
46%
Sirocco
41%
Lombarde
38%
Libeccio
34%
Autan *
32%
Noroît
30%
Marin
27%
Suroît
24%
Levant
17%
Grec
10%
Aucun quiz correspondant
Distribution des résultats
% des personnes avec chaque résultat
Percentile par nombre de réponses
Votre historique - résultats
Vous n’avez pas pris ce quiz